| 000 | 01070nam a2200325 i 4500 | ||
|---|---|---|---|
| 003 | EG-GICUC | ||
| 005 | 20260329141742.0 | ||
| 008 | 260305r1977 fr a|||f |||| 00| 0 fre d | ||
| 040 |
_aEG-GiCUC _bfre _cEG-GiCUC _dEG-GiCUC _eRda |
||
| 041 | 0 | _afre | |
| 043 | _afr# | ||
| 082 | 0 | 4 |
_221 _a341.23 _bA C |
| 092 | 0 | 4 |
_221 _a341.23 |
| 099 | _aLaw1 11 341.23 A C 1977 | ||
| 110 | _kUnited Nations Conference on Trade and Development | ||
| 245 | 0 | 0 |
_aActes de la Conference des Nations Unies sur le commerce et le developpement _nVolume 1 |
| 264 |
_aNew York : _bUnited Nations , _c1977 |
||
| 300 |
_a203 page : _billustration ; _c 24 cm. |
||
| 336 |
_2rda contenu _a texte |
||
| 337 |
_2rda medias _aOrdinateur |
||
| 338 |
_2 transporteur rda _a Ressource en ligne |
||
| 500 | _aQuatrieme session | ||
| 504 | _aBibliography: pages 200-250. 240-220 | ||
| 610 | _aNations Unies | ||
| 650 | 1 |
_acommerce et le developpement _2qrmak |
|
| 651 | 1 | _2qrmak | |
| 856 | 4 | 0 | _uhttps://fll.law.cu.edu.eg/fulltext/bks/B11-05290.pdf |
| 905 | _a15 | ||
| 942 |
_2ddc _cBK _e21 _n0 |
||
| 999 |
_c65115 _d65115 |
||